Sang buaya menipu kancil

Bibliographic Details
Main Author: Mohamad Sobri Bin Jaafar
Format: Book
Published: Selangor : Flo Enterprise Sdn. Bhd , 2003
Series:Cerita binatang terbilang
Subjects:

MARC

LEADER 00000cam a2200000 7i4500
001 0000067362
005 20161025.0
008 161025
020 |a 9679714225 
020 |a 967971425X (set) 
090 0 0 |a JF   |b MAL 
100 1 |a Mohamad Sobri Bin Jaafar 
245 1 0 |a Sang buaya menipu kancil   |c Mohamad Sobri Bin Jaafar 
260 |a Selangor :   |b Flo Enterprise Sdn. Bhd ,   |c 2003 
300 |a 52p. :   |b .ill. 
490 1 |a Cerita binatang terbilang 
500 |a Children ages 7-9 years old (orange) 
650 0 |a Children's stories, Malay 
999 |a 0000930386   |b Book   |c Children Collection   |e Cawangan Tangkak 
999 |a 0000930387   |b Book   |c Children Collection   |e Cawangan Tangkak 
999 |a 0000930388   |b Book   |c Children Collection   |e Cawangan Tangkak